000 00679nam a2200217 i 4500
001 49193
003 ES-MaACL
005 20240409133114.0
007 t|
008 030710s1975 sp ||||1| spa d
100 1 _aCortázar, Julio.
_940823
245 1 3 _aLa casilla de los Morelli /
_cJulio Cortázar ; edición, prólogo y notas de Julio Ortega.
250 _a2ª ed.
260 _a[Barcelona] :
_bTusquets,
_c[1975]
300 _a153 p. ;
_c18 cm.
490 1 _aCuadernos marginales ;
_v30
700 0 _aOrtega, Julio,
_d1942-
_987416
830 0 _aCuadernos marginales ;
_v30
_9181404
852 _aES-MaACL
_jE-8693
_bR.93010
999 _c49193
_d49193